Statistics for Rhyme Time - Geography

Click here to take the quiz!

General Stats

  • This quiz has been taken 66 times
  • The average score is 13 of 20

Answer Stats

HintAnswer% Correct
Capital of CroatiaZagreb
89%
European island nationMalta
85%
Country with ZZambia
85%
Former UK territory in ChinaHong Kong
84%
Country in Central AmericaPanama
80%
South-Asian fruitMango
79%
Argentinian danceTango
79%
One border countryGambia
75%
Vietnamese currencyDong
69%
Capital of BahrainManama
64%
City in FloridaTampa
64%
Australian red rockUluru
64%
Crimean cityYalta
62%
Country on the Black SeaBulgaria
61%
South-American grasslandPampa
61%
German stateBavaria
59%
North-African regionMaghreb
57%
Island nationNauru
51%
Major Tokyo suburbYokohama
28%
The Yellowhammer StateAlabama
26%

Score Distribution

Percentile by Number Answered

Percent of People with Each Score

Your Score History

You have not taken this quiz